000 00869nam a2200229Ia 4500
003 OSt
005 20260122193032.0
007 ca aa aaaaa
008 201103s9999 xx 000 0 und d
040 _cost
041 _abur
082 _a၂၉၄.၃၈၂၃၂၂
_bမြင့်
100 _a မြင့်ဆွေ၊ ဦး၊ မဟာဝိဇ္ဇာ(လန်ဒန်)
_97596
245 0 _aဓမ္မပဒ /
_cဦးမြင့်ဆွေ(မဟာဝိဇ္ဇာလန်ဒန်)။
250 _a ဒုတိယအကြိမ်။
260 _aရန်ကုန် ၊
_bကန်တော်ကလေးစာတိုက်၊
_c၁၉၇၈။
300 _a၃၈၅ စာမျက်နှာ ၊
_c၂၂ စင်တီ။
500 _aS-SAT: Dr. Prof Sai Aung Tun
942 _cBK1
942 _2ddc
942 _2ddc
999 _c16647
_d16647